logo

Bir Sreshtho Munshi Abdur Rouf Library
Jhenaidah Cadet College

জীব বিজ্ঞান প্রথম পত্র : একাদশ-দ্বাদশ শ্রেণী / (Record no. 6699)

MARC details
000 -LEADER
fixed length control field 00786nam a22002297a 4500
001 - CONTROL NUMBER
JCCL Control Number 6699
003 - CONTROL NUMBER IDENTIFIER
JCCL marc code BD-JhCC
005 - DATE AND TIME OF LATEST TRANSACTION
control field 20210819134021.0
008 - FIXED-LENGTH DATA ELEMENTS--GENERAL INFORMATION
fixed length control field 171018s2013 bg a|||| ||a| 001 0 ben d
035 ## - SYSTEM CONTROL NUMBER
system control number (BD-JhCC)6699
040 ## - CATALOGING SOURCE
Original cataloging agency BD-JhCC
Modifying agency BD-JhCC
041 ## - LANGUAGE CODE
Language code of Book ben
082 ## - DEWEY DECIMAL CLASSIFICATION NUMBER
Classification number 570
Author mark and Year RAH 2013
100 ## - MAIN ENTRY--PERSONAL NAME
Personal name রহমান, মো: আজিজুর
245 ## - TITLE STATEMENT
Title জীব বিজ্ঞান প্রথম পত্র : একাদশ-দ্বাদশ শ্রেণী /
Statement of responsibility, etc মো: আজিজুর রহমান; দেবাশীষ রায়
260 ## - PUBLICATION, DISTRIBUTION, ETC. (IMPRINT)
Place of publication, distribution, etc ঢাকা
Date of publication, distribution, etc 2013.
Name of publisher, distributor, etc অক্ষরপত্র,
300 ## - PHYSICAL DESCRIPTION
Pagination 297 p. :
Dimensions 24 cm.
650 ## - SUBJECT ADDED ENTRY--TOPICAL TERM
Topical term or geographic name as entry element Biology
700 ## - ADDED ENTRY--PERSONAL NAME
Personal name রায়, দেবাশীষ
942 ## - ADDED ENTRY ELEMENTS (KOHA)
Source of classification or shelving scheme Dewey Decimal Classification
Koha item type Books
Koha issues (borrowed), all copies 1
Holdings
Source of classification or shelving scheme Damaged status Not for loan Home library Current library Shelving location Date of accession Cost, normal purchase price Total Checkouts Full call number Barcode Date last seen Date checked out Copy number Koha item type
Dewey Decimal Classification     JCC Rouf Library JCC Rouf Library General Stacks 01/28/2018 123.00 1 570 RAH 2013 9176 12/06/2021 08/19/2021 C-1 Books

JCC Library | Contacts | JCC Home

Last Update on 23 September 2017
Copyright @ 2017-2020 JCC Rouf Library
Rouf Library, Jhenidah Cadet College (JCC), Bangladesh